| 000 | 00888nac a22002771i 4500 | ||
|---|---|---|---|
| 003 | EG-ScBUE | ||
| 005 | 20240627130149.0 | ||
| 008 | 240627s2002 ua a f d 001 0 eng d | ||
| 020 | _a9774247299 | ||
| 020 | _a9789774247293 | ||
| 040 |
_aEG-ScBUE _beng _erda _cEG-ScBUE _dEG-ScBUE |
||
| 043 | _af-ua--- | ||
| 082 | 0 | 4 |
_a962.16 _bGLO _222 |
| 245 | 0 | 4 |
_aThe glory of Cairo : _ban illustrated history / _cedited by André Raymond. |
| 264 | 1 |
_aCairo : _bThe American University In Cairo Press, _c2002. |
|
| 300 |
_a492 pages : _bcolor illustrations ; _c35 cm |
||
| 336 |
_2rdacontent _atext _btxt |
||
| 337 |
_aunmediated _2rdamedia _bn |
||
| 338 |
_avolume _bnc _2rdacarrier |
||
| 500 | _aIncludes index. | ||
| 500 | _aIncludes glossary. | ||
| 651 | 7 |
_aCairo (Egypt) _xHistory. _2BUEsh |
|
| 655 | _vReading book | ||
| 700 | 1 |
_aRaymond, Andre, _eeditor. |
|
| 942 |
_cNB _2ddc |
||
| 999 |
_c2756 _d2756 |
||